01009nam a2200265Ia 450000500170000000800410001702000180005810000320007624500690010825000460017730000390022350000550026265000520031765000510036965000360042065000410045665000380049770000410053526400330057633600270060933700330063633800280066904000350069708400110073220220317000144.0141031s9999 xx 000 0 und d a97895830117191 aSilva Vallejo, Fabiod1962-10aYo y mi mundoc Fabio Silva Vallejo ; ilustraciones Olga Cuellar aPrimera edición., primera reimpresión a56 páginasbilustracionesc17 cm aIncluye datos biográficos del autor en la solapa142LEMBaPoesía infantiles colombianosySiglo XX142LEMBaLiteratura infantil colombianaySiglo XX142LEMBaAnimales en la literatura142LEMBaImaginación en la literatura142LEMBaNaturaleza en la literatura1 aCuéllar Serrano, Olgaeilustradora aBogotábPanamericanac2008 atextobtxt2rdacontent asin mediaciónbn2rdamedia avolumenbnc2rdacarrier aCO-BoRNBPbspaerdacCO-BoRNBP aP SIL6